000 00996nam a2200277 a 4500
001 BRCA_8334
005 20190320210233.0
008 020714s1919----gw-a###f##---#001-0#ger-#
041 _ager
044 _agw
050 4 _aNA500
_b.B75 1919
100 1 _aBrinckmann, Albert Erich
_d1881-1958
_920846
245 1 0 _aDie baukunst des 17. und 18. jahrhunderts
_bin der Romanischen Ländern
_cvon A. E. Brinckmann ; begründet von Fritz Burger ; herausgegeben von A. E. Brinckmann.
260 _aAlemania
_bAkademische Verlagsgesellschaft Athenaion
_c1919
300 _a343 p.
_bil., 17 láminas
_c29 cm.
440 0 _aHandbuch der Kunstwissenschaft
_920847
500 _aIncluye índice de ilustraciones
500 _aR48
650 1 4 _aArquitectura
_ySiglos XVII y XVIII
_920848
650 1 4 _aArquitectura
_xHistoria
_91467
651 4 _aAmérica Latina
_xArquitectura colonial
_920849
700 1 _aBurger, Fritz
_920850
700 1 _aBrinckmann, A. E.
_920851
902 _aGFM
942 _2lcc
_cB
999 _c8002
_d8002